<?xml version="1.0" encoding="UTF-8"?><?xml-stylesheet type="text/xsl" href="static/style.xsl"?><OAI-PMH xmlns="http://www.openarchives.org/OAI/2.0/" xmlns:xsi="http://www.w3.org/2001/XMLSchema-instance" xsi:schemaLocation="http://www.openarchives.org/OAI/2.0/ http://www.openarchives.org/OAI/2.0/OAI-PMH.xsd"><responseDate>2026-06-05T15:32:25Z</responseDate><request verb="GetRecord" identifier="oai:riuma.uma.es:10630/31017" metadataPrefix="marc">https://riuma.uma.es/rest/oai/request</request><GetRecord><record><header><identifier>oai:riuma.uma.es:10630/31017</identifier><datestamp>2026-02-03T10:58:52Z</datestamp><setSpec>com_10630_2254</setSpec><setSpec>col_10630_37953</setSpec></header><metadata><record xmlns="http://www.loc.gov/MARC21/slim" xmlns:dcterms="http://purl.org/dc/terms/" xmlns:doc="http://www.lyncode.com/xoai" xmlns:xsi="http://www.w3.org/2001/XMLSchema-instance" xsi:schemaLocation="http://www.loc.gov/MARC21/slim http://www.loc.gov/standards/marcxml/schema/MARC21slim.xsd">
   <leader>00925njm 22002777a 4500</leader>
   <datafield ind2=" " ind1=" " tag="042">
      <subfield code="a">dc</subfield>
   </datafield>
   <datafield ind2=" " ind1=" " tag="720">
      <subfield code="a">Romero Fernández, Virginia</subfield>
      <subfield code="e">author</subfield>
   </datafield>
   <datafield ind2=" " ind1=" " tag="720">
      <subfield code="a">Gelde, Lourdes</subfield>
      <subfield code="e">author</subfield>
   </datafield>
   <datafield ind2=" " ind1=" " tag="720">
      <subfield code="a">Benavente-Herrera, Juana</subfield>
      <subfield code="e">author</subfield>
   </datafield>
   <datafield ind2=" " ind1=" " tag="260">
      <subfield code="c">2023-08-17</subfield>
   </datafield>
   <datafield ind2=" " ind1=" " tag="520">
      <subfield code="a">Electrochemical characterization of positively and negatively charged membranes is performed&#xd;
by analyzing membrane potential values on the basis of the Teorell–Meyer–Sievers (TMS)&#xd;
model. This analysis allows the separate estimation of Donnan (interfacial effects) and diffusion&#xd;
(differences in ions transport through the membrane) contributions, and it permits the evaluation&#xd;
of the membrane’s effective fixed charge concentration and the transport number of the ions in the&#xd;
membrane. Typical ion-exchange commercial membranes (AMX, Ionics or Nafion) are analyzed,&#xd;
though other experimental and commercial membranes, which are derived from different materials&#xd;
and have diverse structures (dense, swollen or nanoporous structures), are also considered. Moreover,&#xd;
for some membranes, changes associated with different modifications and other effects (concentration&#xd;
gradient or level, solution stirring, etc.) are also analyzed.</subfield>
   </datafield>
   <datafield ind1="8" ind2=" " tag="024">
      <subfield code="a">Romero, V., Gelde, L., &amp; Benavente, J. (2023). Electrochemical Characterization of Charged Membranes from Different Materials and Structures via Membrane Potential Analysis. Membranes, 13(8), 739. https://doi.org/10.3390/membranes13080739</subfield>
   </datafield>
   <datafield ind1="8" ind2=" " tag="024">
      <subfield code="a">https://hdl.handle.net/10630/31017</subfield>
   </datafield>
   <datafield ind1="8" ind2=" " tag="024">
      <subfield code="a">10.3390/membranes13080739</subfield>
   </datafield>
   <datafield tag="653" ind2=" " ind1=" ">
      <subfield code="a">Electroquímica industrial</subfield>
   </datafield>
   <datafield tag="653" ind2=" " ind1=" ">
      <subfield code="a">Membranas (Tecnología)</subfield>
   </datafield>
   <datafield ind2="0" ind1="0" tag="245">
      <subfield code="a">Electrochemical characterization of charged membranes from different materials and structures by membrane potential analysis.</subfield>
   </datafield>
</record>
</metadata></record></GetRecord></OAI-PMH>